000 00830cam a22002297a 4500
020 _a9781418062415 (hbk.)
020 _a1418062413 (hbk.)
040 _cMFM
082 _a813 DEL 2009 A097 Or.
100 1 _aKarsnitz, John R.,
245 1 0 _aEngineering design :
_ban introduction /
250 _a1st ed.
260 _aClifton Park, NY :
_bDelmar Cengage Learning,
_cc2009.
300 _axvi, 538 p. :
_bill. (chiefly col.) ;
_c29 cm.
500 _a"Project lead the way" - Cover.
500 _aIncludes index.
520 _aThis book presents an overview of the basic engineering principles and concepts that shape today's modern world and includes activities and student explorations as learning tools.
650 0 _aEngineering design.
700 1 _aO'Brien, Stephen,
700 1 _aHutchinson, John P.
942 _cEK
999 _c15869
_d15869